Statistics for Adult Animated TV Shows

Click here to take the quiz!

General Stats

  • This quiz has been taken 534 times
  • The average score is 9 of 20

Answer Stats

HintAnswer% Correct
An unorthodox family lives in a small Rhode Island town with a talking, evil genius baby.Family Guy
96%
A patriotic father works for the CIA, all the while harboring a cross-dressing alien in his attic.American Dad
91%
A father and his family run a burger restaurant.Bob's Burgers
80%
A yellow man works at a nuclear power plant for an evil yellow man to feed his yellow family.The Simpsons
80%
A group of foul-mouthed, elementary school boys live in a small Colorado town.South Park
74%
A bizarre delivery team makes universal deliveries based out of New New York City in the year 3000.Futurama
68%
A Texas propane salesman works to provide for his family and drinks beer with his strange buddies.King of the Hill
66%
Spin-off series of first answer featuring the main character's black friend starting a new life in Virginia.The Cleveland Show
63%
Two teenage dimwits who love heavy metal sit and watch music videos.Beavis and Butthead
60%
Claymation series that parodies many topics in pop culture, namely Star Wars and other superhero cartoon shows and video games.Robot Chicken
54%
007-esque super spy fights international espionage from New York City.Archer
40%
A trio of fast-food with superpowers lives in a small suburb while occassionally saving the world.Aqua Teen Hunger Force
31%
A family of mutant mud squids live in a redneck world.Squidbillies
30%
A black family moves from the ghettos of Chicago to the white suburbs of Woodcrest.The Boondocks
29%
International superstar death metal band performs crazy, stupid antics and often leaves gore and macabre in their wake.Metalocalypse
17%
Based on two live action films in Kevin Smith's View Askiewniverse featuring a loudmouth drug dealer and his quiet partner.Clerks: The Animated Series
13%
A family of oddly-shaped people go about their lives while trying to deal with the dangerous radiation levels in the area.The Oblongs
12%
Two incompetent teens and their crazed father's group of superheroes attempt to fight a butterfly supervillain.The Venture Brothers
10%
A social worker works and lives in an alternate universe New York City where everybody is some form of monster.Ugly Americans
5%
Internet web cartoon featuring various cutaway jokes.Seth MacFarlane's Cavalcade of Cartoon Comedy
1%

Score Distribution

Percentile by Number Answered

Percent of People with Each Score

Your Score History

You have not taken this quiz